[Event "21st European Teams Women"]
[Site "Hersonissos GRE"]
[Date "2017.10.28"]
[Round "1.16"]
[Board "2"]
[White "Olsarova, Karolina"]
[Black "Puuska, Heini"]
[Result "1-0"]
[WhiteTitle "WIM"]
[BlackTitle "WFM"]
[WhiteElo "2293"]
[BlackElo "1947"]
[WhiteTeam "Czech Republic"]
[BlackTeam "Finland"]
[WhiteFideId "320242"]
[BlackFideId "502324"]
[EventDate "2017.10.28"]

1. e4 c5 2. Nf3 e6 3. b3 a6 4. Bb2 Nc6 5. Be2 Qc7 6. O-O Nf6 7. d3 Be7 8. Nbd2
O-O 9. a4 d5 10. Re1 Rd8 11. Bf1 Rb8 12. exd5 exd5 13. Ne5 Be6 14. Ndf3 d4 15.
Nxc6 Qxc6 16. Ng5 Bg4 17. f3 Be6 18. Nxe6 fxe6 19. Qe2 Rd6 20. g3 Re8 21. f4 Bd8
22. Bg2 Qd7 23. Ba3 Qc8 24. Qe5 Rd5 25. Bxd5 exd5 26. Qd6 Ba5 27. Rxe8+ Qxe8 28.
Qe5 Qc8 29. f5 b6 30. Rf1 Kf8 31. Qxd4 Qe8 32. Bxc5+ bxc5 33. Qxc5+ Kg8 34. Qxa5
Qe3+ 35. Kh1 Qe2 36. Qd8+ Kf7 37. Qc7+ Kf8 38. Qc5+ Kf7 39. Qf2 1-0

[Event "21st European Teams Women"]
[Site "Hersonissos GRE"]
[Date "2017.10.28"]
[Round "1.16"]
[Board "3"]
[White "Rinne, Heini"]
[Black "Rodshtein, Tereza"]
[Result "0-1"]
[BlackTitle "WGM"]
[WhiteElo "1765"]
[BlackElo "2233"]
[WhiteTeam "Finland"]
[BlackTeam "Czech Republic"]
[WhiteFideId "513423"]
[BlackFideId "325449"]
[EventDate "2017.10.28"]

1. d4 d5 2. c4 e6 3. Nc3 c6 4. e3 Nf6 5. Nf3 Nbd7 6. Bd3 dxc4 7. Bxc4 b5 8. Bd3
Bb7 9. a3 a6 10. b4 Bd6 11. O-O e5 12. Re1 O-O 13. Qc2 Qc7 14. h3 Rfe8 15. Bd2
Bf8 16. Ng5 g6 17. Qb3 Re7 18. Rac1 Rae8 19. a4 Bh6 20. Nxf7 Rxf7 21. axb5 exd4
22. bxc6 dxc3 23. cxd7 Qxd7 24. Rxc3 Ne4 25. Rc2 Bd5 26. Qa3 Nxf2 27. Bf1 Qf5
28. Rc5 Nxh3+ 0-1

[Event "21st European Teams Women"]
[Site "Hersonissos GRE"]
[Date "2017.10.28"]
[Round "1.16"]
[Board "4"]
[White "Novosadova, Kristyna"]
[Black "Walta, Paivi"]
[Result "1-0"]
[BlackTitle "WFM"]
[WhiteElo "2184"]
[BlackElo "1672"]
[WhiteTeam "Czech Republic"]
[BlackTeam "Finland"]
[WhiteFideId "328065"]
[BlackFideId "504513"]
[EventDate "2017.10.28"]

1. e4 c5 2. Nf3 g6 3. d4 Bg7 4. dxc5 Qa5+ 5. c3 Qxc5 6. Na3 b6 7. Bc4 Bb7 8. Be3
Bxc3+ 9. bxc3 Qxa3 10. O-O Nf6 11. Ng5 O-O 12. Bb3 Nc6 13. f4 d6 14. Qe1 h6 15.
Nf3 Nxe4 16. Qh4 Kg7 17. f5 Ng5 18. Nxg5 hxg5 19. Qxg5 Rh8 20. f6+ 1-0

[Event "21st European Teams Women"]
[Site "Hersonissos GRE"]
[Date "2017.10.29"]
[Round "2.1"]
[Board "1"]
[White "Shvayger, Yuliya"]
[Black "Zimina, Olga"]
[Result "1/2-1/2"]
[WhiteTitle "WGM"]
[BlackTitle "IM"]
[WhiteElo "2442"]
[BlackElo "2394"]
[WhiteTeam "Israel"]
[BlackTeam "Italy"]
[WhiteFideId "14100126"]
[BlackFideId "4132190"]
[EventDate "2017.10.28"]

1. e4 c6 2. d4 d5 3. exd5 cxd5 4. c4 Nf6 5. Nc3 g6 6. Qb3 Bg7 7. cxd5 O-O 8.
Nge2 Nbd7 9. g3 Nb6 10. Bg2 Bf5 11. Nf4 a5 12. O-O a4 13. Qb5 Ne8 14. Be3 Nd6
15. Qe2 Qd7 16. h3 h5 17. Kh2 Rfc8 18. Rac1 Rc4 19. f3 Qc7 20. Qd2 Rc8 21. Nfe2
h4 22. b3 hxg3+ 23. Kh1 axb3 24. axb3 Qd7 25. Nxg3 R4c7 26. Kh2 Rxc3 27. Rxc3
Rxc3 28. Qxc3 Nxd5 29. Qd2 Qb5 30. Bh6 Bh8 31. Ra1 Qb4 32. Qxb4 Nxb4 33. Bf4
Bxd4 34. Ra8+ Kg7 35. Bxd6 exd6 36. Nxf5+ gxf5 37. Ra4 1/2-1/2

[Event "21st European Teams Women"]
[Site "Hersonissos GRE"]
[Date "2017.10.29"]
[Round "2.1"]
[Board "2"]
[White "Brunello, Marina"]
[Black "Efroimski, Marsel"]
[Result "0-1"]
[WhiteTitle "FM"]
[BlackTitle "WGM"]
[WhiteElo "2353"]
[BlackElo "2329"]
[WhiteTeam "Italy"]
[BlackTeam "Israel"]
[WhiteFideId "822590"]
[BlackFideId "2810964"]
[EventDate "2017.10.28"]

1. e4 e6 2. d4 d5 3. Nd2 c5 4. Ngf3 Nc6 5. exd5 exd5 6. dxc5 Bxc5 7. Bd3 Qe7+ 8.
Qe2 Qxe2+ 9. Bxe2 Nf6 10. c3 O-O 11. O-O Bf5 12. Nb3 Bb6 13. Bg5 Ne4 14. Bh4
Rfe8 15. Rfe1 h6 16. Rad1 g5 17. Bg3 h5 18. Nfd4 Bg6 19. h3 Nxg3 20. fxg3 Bc2
21. Rc1 Bxb3 22. axb3 Nxd4 23. cxd4 Ba5 24. Kf2 Bxe1+ 25. Rxe1 Rac8 26. Bf3 Rc2+
27. Kf1 Rxe1+ 28. Kxe1 Rxb2 29. Bxd5 b5 30. Kd1 a5 31. Kc1 Rf2 32. Bc6 Kf8 33.
g4 hxg4 34. hxg4 Rf4 35. d5 Ke7 0-1

[Event "21st European Teams Women"]
[Site "Hersonissos GRE"]
[Date "2017.10.29"]
[Round "2.1"]
[Board "3"]
[White "Klinova, Masha"]
[Black "Sedina, Elena"]
[Result "1-0"]
[WhiteTitle "IM"]
[BlackTitle "IM"]
[WhiteElo "2289"]
[BlackElo "2288"]
[WhiteTeam "Israel"]
[BlackTeam "Italy"]
[WhiteFideId "2802015"]
[BlackFideId "812153"]
[EventDate "2017.10.28"]

1. e4 e6 2. Nf3 d5 3. Nc3 d4 4. Ne2 c5 5. Ng3 h5 6. Bb5+ Bd7 7. Bxd7+ Nxd7 8. h3
Bd6 9. d3 Qc7 10. O-O Ngf6 11. Ne2 Ng4 12. c3 dxc3 13. bxc3 O-O-O 14. d4 f6 15.
Qa4 Kb8 16. Rb1 g5 17. Ba3 Rdg8 18. dxc5 Bxc5 19. Ned4 Nb6 20. Nc6+ bxc6 21.
Bxc5 Ne5 22. Nxe5 fxe5 23. Bxb6 axb6 24. Qa6 b5 25. c4 Qb7 26. Qa5 g4 27. cxb5
c5 28. h4 Rh7 29. Rfd1 Qxe4 30. Qb6+ Rb7 31. Qd6+ Ka8 32. Qxe6 Qg6 33. Qxe5 g3
34. Qxg3 Qe6 35. Qf3 Kb8 36. Qf4+ Ka8 37. Rd6 Rxg2+ 38. Kxg2 Rg7+ 39. Kh2 1-0

[Event "21st European Teams Women"]
[Site "Hersonissos GRE"]
[Date "2017.10.29"]
[Round "2.1"]
[Board "4"]
[White "Di Benedetto, Desiree"]
[Black "Gutmakher, Olga"]
[Result "0-1"]
[WhiteTitle "FM"]
[BlackTitle "WIM"]
[WhiteElo "2190"]
[BlackElo "2226"]
[WhiteTeam "Italy"]
[BlackTeam "Israel"]
[WhiteFideId "875813"]
[BlackFideId "2807602"]
[EventDate "2017.10.28"]

1. d4 d6 2. Nf3 f5 3. g3 Nf6 4. Bg2 g6 5. c4 Bg7 6. Nc3 O-O 7. O-O Qe8 8. Qb3
Kh8 9. d5 Na6 10. Be3 c5 11. Nb5 h6 12. Rad1 Bd7 13. h3 g5 14. Ne1 Qh5 15. f4
Ne4 16. g4 fxg4 17. Bxe4 gxh3 18. Nc2 gxf4 19. Bd2 Bf5 20. Rxf4 Bxe4 21. Rxe4
Qg6+ 0-1

[Event "21st European Teams Women"]
[Site "Hersonissos GRE"]
[Date "2017.10.29"]
[Round "2.2"]
[Board "2"]
[White "Lagno, Kateryna"]
[Black "Havlikova, Kristyna"]
[Result "1-0"]
[WhiteTitle "GM"]
[BlackTitle "WIM"]
[WhiteElo "2541"]
[BlackElo "2272"]
[WhiteTeam "Russia"]
[BlackTeam "Czech Republic"]
[WhiteFideId "14109336"]
[BlackFideId "309672"]
[EventDate "2017.10.28"]

1. e4 c5 2. Nf3 Nc6 3. d4 cxd4 4. Nxd4 e6 5. Nc3 Qc7 6. Be2 a6 7. O-O Nf6 8. Be3
Be7 9. f4 d6 10. Qe1 Nxd4 11. Bxd4 b5 12. a3 Bb7 13. Qg3 O-O 14. Kh1 Rad8 15.
Bd3 Rd7 16. Rae1 Re8 17. a4 b4 18. Na2 Qa5 19. b3 Bd8 20. Qf2 e5 21. fxe5 dxe5
22. Bc5 Qc7 23. Bxb4 Rd4 24. Qf3 g6 25. Bc3 Rd7 26. Bb2 Nh5 27. Nb4 a5 28. Nd5
Bxd5 29. exd5 Nf4 30. Qxf4 1-0

[Event "21st European Teams Women"]
[Site "Hersonissos GRE"]
[Date "2017.10.29"]
[Round "2.2"]
[Board "3"]
[White "Rodshtein, Tereza"]
[Black "Girya, Olga"]
[Result "1/2-1/2"]
[WhiteTitle "WGM"]
[BlackTitle "WGM"]
[WhiteElo "2233"]
[BlackElo "2505"]
[WhiteTeam "Czech Republic"]
[BlackTeam "Russia"]
[WhiteFideId "325449"]
[BlackFideId "4195752"]
[EventDate "2017.10.28"]

1. e4 c6 2. d4 d5 3. Nd2 dxe4 4. Nxe4 Bf5 5. Ng3 Bg6 6. Nf3 e6 7. Bd3 Bxd3 8.
Qxd3 Nf6 9. O-O Be7 10. c4 O-O 11. Bf4 c5 12. Rfd1 cxd4 13. Nxd4 Qb6 14. Rac1
Nc6 15. Nxc6 Qxc6 16. Qe2 Rfd8 17. Be5 Rxd1+ 18. Rxd1 Rd8 19. Rxd8+ Bxd8 20. Qd3
Qd7 21. Qxd7 Nxd7 22. Bd4 a6 23. Ne4 Be7 24. Kf1 f5 25. Nc3 Bd6 26. Ke2 Kf7 27.
a3 e5 28. Be3 e4 29. Nd5 Ke6 30. b4 b5 31. cxb5 Kxd5 32. bxa6 Kc6 33. h4 Nb6 34.
Bd4 g6 35. f3 exf3+ 36. Kxf3 h5 37. Bc5 Bc7 38. Bd4 Bd6 39. Bc5 Bc7 40. Bd4 Kb5
41. a7 Na8 42. Be3 Ka4 43. Bd4 Kb5 44. Be3 Be5 45. Bc5 1/2-1/2

[Event "21st European Teams Women"]
[Site "Hersonissos GRE"]
[Date "2017.10.29"]
[Round "2.2"]
[Board "4"]
[White "Goryachkina, Aleksandra"]
[Black "Novosadova, Kristyna"]
[Result "0-1"]
[WhiteTitle "WGM"]
[WhiteElo "2478"]
[BlackElo "2184"]
[WhiteTeam "Russia"]
[BlackTeam "Czech Republic"]
[WhiteFideId "4147103"]
[BlackFideId "328065"]
[EventDate "2017.10.28"]

1. d4 Nf6 2. c4 g6 3. Nc3 d5 4. Nf3 Bg7 5. cxd5 Nxd5 6. e4 Nxc3 7. bxc3 c5 8. h3
Nc6 9. Be3 Qa5 10. Bd2 O-O 11. Be2 cxd4 12. cxd4 Qa3 13. d5 Ne5 14. O-O f5 15.
Rb1 Nxf3+ 16. Bxf3 Qxa2 17. exf5 Rxf5 18. Bb4 Bd7 19. Be4 Re5 20. Bc2 Qc4 21.
Bxe7 Bb5 22. Re1 Rxe1+ 23. Qxe1 Qxd5 24. Be4 Qd7 25. Bc5 Bc6 26. Qb4 b6 27. Qc4+
Kh8 28. Bxb6 Bxe4 29. Qxe4 Re8 30. Qb4 axb6 31. Qxb6 Bd4 32. Qb3 Bxf2+ 33. Kh1
Qd2 34. Rf1 Re1 35. Qb8+ Kg7 36. Qb5 Rxf1+ 37. Qxf1 Qe1 38. Qxe1 Bxe1 39. Kg1
Bg3 40. Kf1 Kf6 41. Ke2 Kf5 42. Kf3 Bb8 43. Ke3 Kg5 44. Kf3 Kh4 45. Kf2 Ba7+ 46.
Kf3 h5 47. Kf4 g5+ 48. Kf5 Bb8 49. Kg6 Bf4 0-1

[Event "21st European Teams Women"]
[Site "Hersonissos GRE"]
[Date "2017.10.29"]
[Round "2.3"]
[Board "2"]
[White "Khotenashvili, Bela"]
[Black "Milliet, Sophie"]
[Result "1-0"]
[WhiteTitle "GM"]
[BlackTitle "IM"]
[WhiteElo "2459"]
[BlackElo "2377"]
[WhiteTeam "Georgia"]
[BlackTeam "France"]
[WhiteFideId "13602640"]
[BlackFideId "623725"]
[EventDate "2017.10.28"]

1. d4 Nf6 2. Nf3 e6 3. c4 Bb4+ 4. Nbd2 O-O 5. a3 Be7 6. e4 d5 7. e5 Nfd7 8. cxd5
exd5 9. Bd3 c5 10. Qc2 h6 11. O-O Nc6 12. Re1 a5 13. b3 cxd4 14. Bb2 Nc5 15.
Nxd4 Nxd4 16. Bxd4 Ne6 17. Bb2 Bc5 18. Nf3 Bd7 19. Qd2 Qb6 20. Bc2 Rfc8 21. Rac1
Rc7 22. Bd1 Rac8 23. Rb1 Bb5 24. b4 axb4 25. axb4 Be7 26. Bd4 Qc6 27. g3 Bc4 28.
h4 b5 29. Ra1 Ra8 30. Bc2 Rcc8 31. Rec1 Rxa1 32. Rxa1 Ra8 33. Rxa8+ Qxa8 34. Bc3
Qa3 35. Kg2 Bd8 36. Bf5 Bb6 37. Bxe6 fxe6 38. Bd4 Bxd4 39. Nxd4 Qa1 40. Kh2 Qb1
41. Qc3 Qe4 42. Qe3 Qxe3 43. fxe3 Kf7 44. Kg2 Bd3 45. Kf2 Ke7 46. Ke1 Kf7 47.
Kd2 Bc4 48. Kc3 g5 49. hxg5 hxg5 50. Kd2 Kg6 51. Ke1 Kf7 52. Nf3 Kg6 53. g4 Bd3
54. Ng1 Bc2 55. Kd2 Bb3 56. Nh3 Bc4 57. Kc3 Be2 58. Nf2 Kf7 59. Kd4 Ke7 60. e4
dxe4 61. Nxe4 Bxg4 62. Nxg5 Be2 63. Kc5 Bf1 64. Nf3 Kf7 65. Kd6 Bc4 66. Ng5+ Kg6
67. Nxe6 Kf5 68. Nc7 Ke4 69. e6 Kd4 70. e7 Bf7 71. Kd7 Kc4 72. Na6 1-0

[Event "21st European Teams Women"]
[Site "Hersonissos GRE"]
[Date "2017.10.29"]
[Round "2.3"]
[Board "3"]
[White "Skripchenko, Almira"]
[Black "Javakhishvili, Lela"]
[Result "1/2-1/2"]
[WhiteTitle "IM"]
[BlackTitle "IM"]
[WhiteElo "2399"]
[BlackElo "2438"]
[WhiteTeam "France"]
[BlackTeam "Georgia"]
[WhiteFideId "13900145"]
[BlackFideId "13601458"]
[EventDate "2017.10.28"]

1. e4 c5 2. Nf3 e6 3. c3 Nf6 4. e5 Nd5 5. d4 cxd4 6. cxd4 b6 7. Nc3 Nxc3 8. bxc3
Qc7 9. Bd2 Be7 10. Bd3 Ba6 11. Bxa6 Nxa6 12. Qe2 Nb8 13. O-O d5 14. exd6 Qxd6
15. Ne5 O-O 16. a4 Nc6 17. Nxc6 Qxc6 18. Rfb1 Bd6 19. Qb5 Qc7 20. g3 Rab8 21.
Qa6 e5 22. a5 h6 23. axb6 axb6 24. Qb5 Rb7 25. Ra6 Rfb8 26. Qd5 exd4 27. cxd4
Qc2 28. Qa2 Qxa2 29. Rxa2 b5 30. Bb4 Bxb4 31. Rxb4 Rd7 32. Ra5 Rbd8 33. Raxb5
Rxd4 34. Rxd4 1/2-1/2

[Event "21st European Teams Women"]
[Site "Hersonissos GRE"]
[Date "2017.10.29"]
[Round "2.3"]
[Board "4"]
[White "Melia, Salome"]
[Black "Guichard, Pauline"]
[Result "1-0"]
[WhiteTitle "IM"]
[BlackTitle "WGM"]
[WhiteElo "2412"]
[BlackElo "2285"]
[WhiteTeam "Georgia"]
[BlackTeam "France"]
[WhiteFideId "13602446"]
[BlackFideId "639370"]
[EventDate "2017.10.28"]

1. e4 g6 2. d4 Bg7 3. Nc3 d6 4. Be3 a6 5. Nf3 Nf6 6. h3 Nc6 7. Be2 e5 8. dxe5
dxe5 9. Qxd8+ Nxd8 10. Nxe5 Nxe4 11. Nxe4 Bxe5 12. O-O-O O-O 13. Bg5 Bf5 14.
Nf6+ Kg7 15. Ng4 Re8 16. Bh6+ Kg8 17. Nxe5 Rxe5 18. Bf3 f6 19. Rhe1 c6 20. Rxe5
fxe5 21. Be2 Be6 22. Be3 Nf7 23. Bb6 Re8 24. c4 Re7 25. Bc5 Rd7 26. Rxd7 Bxd7
27. Be7 Kg7 28. Kd2 Nh6 29. g4 Kf7 30. Bd6 Ke6 31. Bf8 Ng8 32. Ke3 Kf7 33. Bd6
Ke6 34. c5 Nh6 35. Bf8 Nf7 36. h4 g5 37. h5 h6 38. f3 Kf6 39. Bd3 Be6 40. a4 Bb3
41. a5 Be6 42. Be4 Bb3 43. Bg6 Bd5 44. Bxf7 Bxf7 45. Bxh6 Bb3 46. Bf8 Bc2 47.
Bd6 e4 48. f4 Bd1 49. Be5+ Kf7 50. fxg5 Bxg4 51. g6+ 1-0

[Event "21st European Teams Women"]
[Site "Hersonissos GRE"]
[Date "2017.10.29"]
[Round "2.4"]
[Board "1"]
[White "Muzychuk, Anna"]
[Black "Danielian, Elina"]
[Result "1-0"]
[WhiteTitle "GM"]
[BlackTitle "GM"]
[WhiteElo "2576"]
[BlackElo "2415"]
[WhiteTeam "Ukraine"]
[BlackTeam "Armenia"]
[WhiteFideId "14111330"]
[BlackFideId "13300210"]
[EventDate "2017.10.28"]

1. e4 e5 2. Nf3 Nf6 3. Nxe5 d6 4. Nf3 Nxe4 5. Nc3 Nxc3 6. dxc3 Be7 7. Be3 O-O 8.
Bd3 Nc6 9. Qe2 Be6 10. O-O-O Qc8 11. Kb1 Re8 12. h3 Ne5 13. Nxe5 dxe5 14. g4 Bd6
15. f3 a6 16. Rhg1 Kh8 17. h4 f5 18. gxf5 Bxf5 19. Rg5 Bxd3 20. Qxd3 Qe6 21. Qe4
Rad8 22. Rdg1 Bf8 23. Qxb7 Rd7 24. Qe4 Red8 25. Rc1 Rd5 26. c4 Ra5 27. f4 Re8
28. Rf1 Qh3 29. Rgg1 Qd7 30. b3 exf4 31. Qxf4 Bd6 32. Qd4 Rae5 33. Bd2 Re4 34.
Qd5 c6 35. Qd3 Qe7 36. Bc3 Ba3 37. Qxe4 Qxe4 38. Bxg7+ Kg8 39. Bb2+ 1-0

[Event "21st European Teams Women"]
[Site "Hersonissos GRE"]
[Date "2017.10.29"]
[Round "2.4"]
[Board "2"]
[White "Mkrtchian, Lilit"]
[Black "Zhukova, Natalia"]
[Result "1/2-1/2"]
[WhiteTitle "IM"]
[BlackTitle "GM"]
[WhiteElo "2390"]
[BlackElo "2426"]
[WhiteTeam "Armenia"]
[BlackTeam "Ukraine"]
[WhiteFideId "13300601"]
[BlackFideId "14101513"]
[EventDate "2017.10.28"]

1. e4 e6 2. d4 d5 3. Nc3 Nf6 4. e5 Nfd7 5. f4 c5 6. Nf3 Nc6 7. Be3 cxd4 8. Nxd4
Qb6 9. Qd2 Qxb2 10. Rb1 Qa3 11. Bb5 Nxd4 12. Bxd4 a6 13. Bxd7+ Bxd7 14. Rb3 Qe7
15. Rxb7 Rc8 16. O-O Qd8 17. Rfb1 Bc5 18. Ne2 O-O 19. Bxc5 Rxc5 20. Nd4 Rc4 21.
R1b4 Qc8 22. Rxc4 Qxb7 23. Qb4 Rb8 24. Qxb7 Rxb7 25. Rc3 Kf8 26. Rb3 Rc7 27. Kf2
Rc4 28. Ke3 Ra4 29. a3 Bb5 30. c3 Ke7 31. g3 Kd7 32. Kd2 Kc7 33. Nc2 Rc4 34. Rb4
Rc5 35. Nd4 Bc4 36. Nc2 Bb5 37. Nd4 Bc4 38. Nc2 Bb5 39. Ne3 Bd7 40. Rb2 Ra5 41.
Nc2 Ba4 42. Nd4 Bd7 43. Ra2 h5 44. Ra1 Rc5 45. Kc2 Ba4+ 46. Kd2 Bd7 47. h3 Ra5
48. g4 hxg4 49. hxg4 g6 50. Kc2 Ba4+ 51. Kb2 Kd7 52. Rh1 Rc5 53. Rh8 Rc7 54. Rb8
Bd1 55. g5 Ba4 56. Rb4 Bc6 57. Rb6 Bb5 58. Nxb5 axb5 59. Rxb5 Kc6 60. Rb4 Rc8
61. a4 Rh8 62. Kb3 Rh1 63. Rd4 Rb1+ 64. Kc2 Rf1 65. Kd2 Kc5 66. Rb4 Kc6 67. Ke3
Rc1 68. Kd3 Rf1 69. Kd2 Rf2+ 70. Ke3 Rc2 71. Kd3 Rf2 72. a5 Ra2 73. Rb6+ Kc7 74.
Ra6 Kb7 75. Rd6 Kc7 76. Ra6 Kb7 77. Rb6+ Kc7 78. Ra6 1/2-1/2

[Event "21st European Teams Women"]
[Site "Hersonissos GRE"]
[Date "2017.10.29"]
[Round "2.4"]
[Board "3"]
[White "Ushenina, Anna"]
[Black "Kursova, Maria"]
[Result "1/2-1/2"]
[WhiteTitle "GM"]
[BlackTitle "WGM"]
[WhiteElo "2445"]
[BlackElo "2259"]
[WhiteTeam "Ukraine"]
[BlackTeam "Armenia"]
[WhiteFideId "14110911"]
[BlackFideId "4129709"]
[EventDate "2017.10.28"]

1. d4 Nf6 2. Nf3 e6 3. Bf4 b6 4. e3 Bb7 5. Bd3 Be7 6. h3 O-O 7. O-O c5 8. c3 Nc6
9. Nbd2 d5 10. Qe2 a6 11. Rad1 Qc8 12. Rfe1 Re8 13. Bb1 a5 14. Qd3 g6 15. Qb5
Ra6 16. Qa4 Na7 17. Ne5 b5 18. Qc2 Nc6 19. Ndf3 Nxe5 20. Nxe5 Nd7 21. Qe2 Nxe5
22. Bxe5 Rb6 23. e4 dxe4 24. Bxe4 Bxe4 25. Qxe4 Rc6 26. Rd3 cxd4 27. Bxd4 Bc5
28. Be5 Be7 29. Red1 Rc4 30. Qe3 Qc6 31. Rd7 Re4 32. Qf3 Re1+ 33. Rxe1 Qxd7 34.
Rd1 Qc8 35. Bf6 Bxf6 36. Qxf6 Qc7 37. a3 e5 38. Rd5 e4 39. Qd4 Qc6 40. Rd6 Qc4
41. Qxc4 bxc4 42. Rd4 Rb8 43. Rxe4 Rxb2 44. Rxc4 h5 45. g3 Kg7 46. Kg2 Ra2 47.
Ra4 Rc2 48. c4 Rc3 49. h4 Kf6 50. Kf1 Rc2 51. Ke1 Ke6 52. Rxa5 Rxc4 53. Kd2 Rd4+
54. Kc3 Rd1 55. Rb5 Ra1 56. Rb3 Ra2 57. f4 Kd5 58. Kb4 Kc6 59. Ka5 Ra1 60. a4
Ra2 61. Rb6+ Kc5 62. Rb7 Ra3 63. Rc7+ Kd6 64. Rxf7 Rxg3 65. f5 g5 66. hxg5 Rxg5
67. Kb5 h4 68. a5 h3 69. a6 h2 70. Rh7 Rxf5+ 71. Kb6 Rf2 72. Rh6+ Kd7 73. Rh7+
Kd6 74. a7 Rb2+ 75. Ka6 Ra2+ 76. Kb7 Rb2+ 77. Kc8 Rc2+ 78. Kd8 Ra2 79. Rh6+ Kc5
80. Kc8 Rxa7 1/2-1/2

[Event "21st European Teams Women"]
[Site "Hersonissos GRE"]
[Date "2017.10.29"]
[Round "2.4"]
[Board "4"]
[White "Gevorgyan, Maria"]
[Black "Gaponenko, Inna"]
[Result "0-1"]
[WhiteTitle "WIM"]
[BlackTitle "IM"]
[WhiteElo "2262"]
[BlackElo "2433"]
[WhiteTeam "Armenia"]
[BlackTeam "Ukraine"]
[WhiteFideId "13300270"]
[BlackFideId "14101181"]
[EventDate "2017.10.28"]

1. e4 d6 2. d4 Nf6 3. Nc3 g6 4. Nf3 Bg7 5. Be2 O-O 6. O-O a6 7. a4 Nc6 8. h3 e5
9. dxe5 dxe5 10. Bg5 Be6 11. Qc1 Qd6 12. Rd1 Qc5 13. Be3 Qe7 14. Nd5 Bxd5 15.
exd5 Nb4 16. c4 a5 17. Bg5 Rfd8 18. Re1 h6 19. Be3 c6 20. dxc6 bxc6 21. Bf1 e4
22. Nd2 Kh7 23. f3 Nd3 24. Bxd3 Rxd3 25. Qc2 Rad8 26. Ra3 Rxa3 27. bxa3 exf3 28.
Nxf3 Qxa3 29. Bb6 Rb8 30. Bd4 Nh5 31. Bxg7 Nxg7 32. Ne5 Re8 33. Qf2 Qc3 34. Re3
Qd4 35. Ng4 Rxe3 36. Nxe3 Kg8 37. Ng4 Qxf2+ 38. Kxf2 Nf5 39. Ne5 Nd6 40. Ke3 f6
41. Nd7 Nxc4+ 42. Kd4 Nb2 43. Nb6 f5 44. Kc5 Kf7 45. Kxc6 Ke6 46. Kb5 Ke5 47.
Nc8 Kf4 48. Ne7 g5 49. Kxa5 h5 50. Kb4 Nxa4 51. Kxa4 h4 52. Kb4 Kg3 53. Nxf5+
Kxg2 54. Kc4 Kxh3 55. Kd4 g4 56. Ke3 g3 57. Nd4 Kg2 58. Ne2 Kf1 59. Kf3 g2 60.
Ke3 g1=Q+ 0-1

[Event "21st European Teams Women"]
[Site "Hersonissos GRE"]
[Date "2017.10.29"]
[Round "2.5"]
[Board "1"]
[White "Socko, Monika"]
[Black "Paehtz, Elisabeth"]
[Result "1/2-1/2"]
[WhiteTitle "GM"]
[BlackTitle "IM"]
[WhiteElo "2479"]
[BlackElo "2453"]
[WhiteTeam "Poland"]
[BlackTeam "Germany"]
[WhiteFideId "1106619"]
[BlackFideId "4641833"]
[EventDate "2017.10.28"]

1. d4 d5 2. c4 c6 3. cxd5 cxd5 4. Bf4 Nf6 5. Nc3 Nc6 6. e3 a6 7. Bd3 Bg4 8. Nge2
e6 9. O-O Be7 10. Rc1 O-O 11. Qb3 Na5 12. Qc2 Nc6 13. a3 Bh5 14. Na4 Bg6 15.
Bxg6 hxg6 16. Nc5 Bxc5 17. dxc5 Qa5 18. Rfd1 Rfc8 19. Nd4 Qd8 20. b4 Qe8 21.
Nxc6 Rxc6 22. Qb2 Nd7 23. Bd6 b6 24. a4 bxc5 25. bxc5 Rac8 26. Qb4 Qd8 27. Rc3
a5 28. Qa3 Nf6 29. f3 Ne8 30. Bg3 Qe7 31. e4 dxe4 32. fxe4 Qa7 33. Rc4 Qe7 34.
Bf2 Nf6 35. e5 Nd7 36. Qc3 f6 37. exf6 gxf6 38. Qxa5 Ne5 39. Rcd4 Kg7 40. Rd8
Rxd8 41. Qxd8 Qxd8 42. Rxd8 Ra6 43. Rd4 g5 44. h3 Ra5 45. Rb4 Kg6 46. Be3 Nd3
47. Rc4 Ne5 48. Re4 Kf5 49. Rb4 Nc6 50. Rb6 Ne7 51. g4+ Ke5 52. Bc1 Rxa4 53.
Bb2+ Kf4 54. Rxe6 Nd5 55. Rd6 Rb4 56. Rxd5 Rxb2 57. Rd4+ Ke5 58. Rc4 Kd5 59. Rc3
Kc6 60. Rf3 Kxc5 61. Rxf6 Kd4 62. Rf2 Rb3 63. Kg2 Ke4 64. Ra2 Rb4 65. Re2+ Kf4
66. Rf2+ Ke4 67. Rf3 Ra4 68. Kg3 Rb4 69. Ra3 Ke5 70. h4 gxh4+ 71. Kxh4 Kf6 72.
Kh5 Kg7 73. Ra7+ Kg8 74. Ra6 Kg7 75. Rg6+ Kh7 76. Re6 Kg7 77. Re7+ Kg8 78. Kg5
Rb6 79. Kf5 Ra6 80. g5 Rb6 81. Ra7 Rc6 82. Re7 Ra6 83. g6 Ra1 84. Re5 1/2-1/2

[Event "21st European Teams Women"]
[Site "Hersonissos GRE"]
[Date "2017.10.29"]
[Round "2.5"]
[Board "2"]
[White "Heinemann, Josefine"]
[Black "Szczepkowska, Karina"]
[Result "0-1"]
[WhiteTitle "WIM"]
[BlackTitle "IM"]
[WhiteElo "2269"]
[BlackElo "2406"]
[WhiteTeam "Germany"]
[BlackTeam "Poland"]
[WhiteFideId "12900460"]
[BlackFideId "1122681"]
[EventDate "2017.10.28"]

1. e4 e5 2. Nf3 Nc6 3. Bb5 a6 4. Ba4 Nf6 5. O-O b5 6. Bb3 Bb7 7. d3 Be7 8. Nc3
O-O 9. Re1 d6 10. a3 Qd7 11. Bg5 h6 12. Bxf6 Bxf6 13. Nd5 Bd8 14. c3 Ne7 15.
Nxe7+ Qxe7 16. d4 c6 17. Qd2 Bb6 18. a4 Rad8 19. Qd3 Qe8 20. Nh4 Kh7 21. Rad1 g6
22. Qg3 Qe7 23. Nf3 Bc7 24. h4 Qf6 25. Bc2 c5 26. d5 c4 27. Qh2 Bb6 28. Rf1 Bc8
29. Ra1 Kh8 30. Nd2 Qg7 31. Kh1 f5 32. h5 g5 33. exf5 Bxf5 34. Bxf5 Rxf5 35. g4
Rf4 36. Qg2 Qf7 37. axb5 axb5 38. Rad1 Bxf2 39. Ne4 Be3 40. Qe2 Rxf1+ 41. Qxf1
Bf4 42. Qf2 Qh7 43. Ng3 Rf8 44. Kg2 Kg8 45. Nf5 Rxf5 46. gxf5 Qxf5 47. Ra1 Qg4+
48. Kf1 Qxh5 49. Ra8+ Kg7 50. Qa7+ Kg6 51. Rg8+ Kf5 52. Rf8+ Ke4 53. Qf2 Qh3+
54. Qg2+ Qf3+ 55. Qxf3+ Kxf3 56. Rf6 e4 57. Rxh6 g4 0-1

[Event "21st European Teams Women"]
[Site "Hersonissos GRE"]
[Date "2017.10.29"]
[Round "2.5"]
[Board "3"]
[White "Kulon, Klaudia"]
[Black "Hoolt, Sarah"]
[Result "1-0"]
[WhiteTitle "WGM"]
[BlackTitle "WGM"]
[WhiteElo "2358"]
[BlackElo "2423"]
[WhiteTeam "Poland"]
[BlackTeam "Germany"]
[WhiteFideId "1131044"]
[BlackFideId "24606812"]
[EventDate "2017.10.28"]

1. e4 c5 2. b3 g6 3. Bb2 Nf6 4. Qf3 d6 5. Bb5+ Nbd7 6. Nc3 e5 7. a4 a6 8. Be2
Bg7 9. Nh3 Nf8 10. Qg3 h5 11. f4 h4 12. Qf2 Ne6 13. O-O-O Nd4 14. Bc4 Be6 15.
Bxe6 fxe6 16. fxe5 Ng4 17. Qe1 Nxe5 18. d3 b5 19. Kb1 Qb6 20. Rf1 Rb8 21. axb5
axb5 22. Ne2 Nec6 23. Nxd4 Nxd4 24. e5 d5 25. Bxd4 cxd4 26. Ng5 Rb7 27. Kb2 Rh5
28. Nf3 Qc5 29. Ra1 Rc7 30. Qe2 Qc3+ 31. Kb1 Bxe5 32. Ra2 Rf5 33. Nxe5 1-0